000 00595nam a22001937a 4500
999 _c182122
_d182122
005 20211026115505.0
010 _aENG-130068
020 _a978-93-89624-60-1
_c180.00
035 _aEN-113600
037 _bDBAD/PUB
082 _aN
100 _aSharma,Prachi
245 _aA Predator In Paradise:
_cby Prachi Sharma
250 _a2020
260 _bVishwakarma Publications
_c2020
_aMaharashtra
270 _a34A/1, Suyog Center, 7th floor, Gultekedi Marketyard Road, Giridhar Bhavan Chowk,
_e411037
_bPune
_minfo@vpindia.co.in
300 _a136p.
_c22cm (pbk)
942 _2ddc
_cEN
_hN
_mSha